000 01451nam a2200373 i 4500
001 13517
003 KOSZ 005
005 20200630132828.0
008 071117s1971 pl a f f 001 0 pol
015 _aPB 1971/3647
040 _aWA N
_cWA N
_dKOSZ 005/RW
041 1 _apol
_hger
080 _a577.1
080 _a612.015
100 1 _aKarlson, Peter
_d(1918-2001)
_eAutor
245 1 0 _aZarys biochemii :
_bpodręcznik dla szkół wyższych /
_cPeter Karlson ; [z niemieckiego przełożyłi Paulina Włodawer, Lech Wojtczak].
246 1 _iTytuł oryginału:
_aKurzes Lehrbuch der Biochemie für Mediziner und Naturwissenschafter.
250 _aWydanie 3.
260 _aWarszawa :
_bPaństwowe Wydawnictwo Naukowe,
_c1971.
300 _a557, [2] stron, [1] karta tablic :
_bilustracje ;
_c25 cm.
336 _aTekst
_btxt
_2rdacontent
337 _aBez urządzenia pośredniczącego
_bn
_2rdamedia
338 _aWolumin
_bnc
_2rdacarrier
380 _aKsiążki.
504 _aBibliografia przy rozdziałach. Indeks.
658 _aBiologia
655 4 _aPodręczniki akademickie
650 4 _aBiochemia
700 1 _aWojtczak, Lech
_d(1926- ).
_eTłumaczenie
700 1 _aWłodawer, Paulina
_d(1914-2006)
_eTłumaczenie
710 2 _aPaństwowe Wydawnictwo Naukowe
_4pbl.
856 _uhttp://koha.tu.koszalin.pl/cgi-bin/koha/opac-detail.pl?biblionumber=13517
_yKatalog online BPK
942 _2UKD
_cKS
999 _c13517
_d13517